000 01110cam a2200277 a 4500
003 EG-GiCUC
008 160331s2013 le g 000 0 ara d
040 _aEG-GiCUC
_bara
_cEG-GiCUC
092 0 4 _a214.32
_bZ216
_221
099 _a04
_a214.32 Z216
100 1 _aزكريا : براق
245 1 2 _aالدولة و الشريعة فى الفكر العربى الاسلامى المعاصر /
_cبراق زكريا
250 _a
260 _aبيروت :
_bمركز الحضارة لتنمية الفكر الاسلامى :
_c2013
300 _a432ص ؛
_c24سم
490 1 _aسلسلة الدراسات الحضارية
504 _aيشتمل على ارجاعات ببليوجرافية (ص409-432)
650 7 _aالاسلام و الدولة
_2qrmak
650 7 _aالاسلام و الدولة
_xتاريخ
_yالقرن العشرون
_2qrmak
830 0 _aسلسلة الدراسات الحضارية
902 _a3
905 _aابراهيم
_eمراجع
905 _aرضا
_eمدخل
942 _2ddc
_cBK
999 _c143261
_d143261